Every town in Scotland - Statistics

General Stats
  • This quiz has been taken 141 times
    93 since last reset
  • The average score is 121 of 509
Answer Stats
Answer % Correct
Aberdeen
90%
Glasgow
90%
Edinburgh
80%
Inverness
80%
Ayr
75%
Dundee
75%
Elgin
75%
Fort William
75%
Dumfries
70%
Falkirk
70%
Hamilton
70%
Kilmarnock
70%
Livingston
70%
Paisley
70%
Perth
70%
St Andrews
70%
Stranraer
70%
Wick
70%
Aviemore
65%
Campbeltown
65%
Cumbernauld
65%
Dumbarton
65%
Dunfermline
65%
Galashiels
65%
Greenock
65%
Irvine
65%
Pitlochry
65%
Stirling
65%
Troon
65%
Aberfeldy
60%
Airdrie
60%
Arbroath
60%
Bathgate
60%
Dingwall
60%
Dunblane
60%
Forfar
60%
Glenrothes
60%
Gourock
60%
Grangemouth
60%
Kinross
60%
Kirkcaldy and Dysart
60%
Largs
60%
Motherwell
60%
Oban
60%
Peebles
60%
Penicuik
60%
Peterhead
60%
Port Glasgow
60%
Prestwick
60%
Alloa
55%
Annan
55%
Ardrossan
55%
Coatbridge
55%
Cumnock
55%
Girvan
55%
Hawick
55%
Helensburgh
55%
Johnstone
55%
Lockerbie
55%
Lossiemouth
55%
Montrose
55%
Rhu
55%
Stonehaven
55%
Stornoway
55%
Ullapool
55%
Balloch
50%
Balloch and Haldane
50%
Brechin
50%
Cambuslang
50%
Cowdenbeath and Lumphinnans
50%
East Kilbride
50%
Fraserburgh
50%
Kirkintilloch
50%
Lanark
50%
Lerwick
50%
Nairn
50%
North Berwick
50%
Renfrew
50%
Wishaw
50%
Banff
45%
Bearsden
45%
Bridge of Allan
45%
Cupar
45%
Dalbeattie
45%
Dalkeith
45%
Dornoch
45%
Dunbar
45%
Dunkeld and Birnam
45%
Duns
45%
Eyemouth
45%
Gretna
45%
Jedburgh
45%
Kirkcudbright
45%
Kirkwall
45%
Leven
45%
Linlithgow
45%
Moffat
45%
Musselburgh
45%
Newbridge and Ratho Station
45%
Newton Stewart
45%
Rutherglen
45%
South Queensferry
45%
Thurso
45%
Aberdour
40%
Alexandria
40%
Anstruther
40%
Auchinleck
40%
Ballater
40%
Biggar
40%
Blairgowrie
40%
Bonnyrigg
40%
Callander
40%
Dalry
40%
Dollar
40%
Dunoon
40%
Forres
40%
Inverkeithing
40%
Inverurie
40%
Kelso
40%
Kingussie
40%
Melrose
40%
Milngavie
40%
Newton Mearns
40%
Portree
40%
Rosyth
40%
Rothes
40%
Saltcoats
40%
Alva
35%
Auchterarder
35%
Barrhead
35%
Beith
35%
Broxburn
35%
Burntisland
35%
Castle Douglas
35%
Clydebank
35%
Coldstream
35%
Darvel
35%
Eaglesham
35%
Erskine
35%
Gatehouse of Fleet
35%
Haddington
35%
Keith
35%
Kelty
35%
Kilsyth
35%
Kilwinning
35%
Larkhall
35%
Lower Largos, Lundin Links and Upper Largo
35%
Methil
35%
Millport
35%
North Queensferry
35%
Rothesay
35%
Sanquhar
35%
Selkirk
35%
Shotts
35%
Stevenston
35%
Tain
35%
Thornhill (Dumfries and Galloway)
35%
Tobermory
35%
Wemyss Bay
35%
West Kilbride
35%
Aboyne
30%
Alness
30%
Auchtermuchty
30%
Bishopbriggs
30%
Blackburn (Aberdeenshire)
30%
Blackburn (West Lothian)
30%
Brora
30%
Buckie
30%
Carluke
30%
Carnoustie
30%
Dalmellington
30%
Dyce
30%
Falkland
30%
Innerleithen
30%
Leuchars
30%
Maybole
30%
New Cumnock
30%
Stenhousemuir
30%
Stepps
30%
Stromness
30%
Tarbert
30%
Tillicoultry
30%
Whitburn
30%
Armadale
25%
Bannockburn
25%
Bellshill
25%
Blantyre
25%
Bo'ness
25%
Bridge of Earn
25%
Comrie (Perth & Kinross)
25%
Crail
25%
Crieff
25%
Crosshouse
25%
Dalgety Bay and Hillend
25%
Denny
25%
Galston
25%
High Valleyfield, Low Valleyfield and Culross
25%
Huntly
25%
Invergordon
25%
Lochgilphead
25%
Mauchline
25%
Pittenweem
25%
Prestonpans
25%
Scone
25%
St Boswells
25%
St Monans
25%
Tayport
25%
Tranent
25%
Uddingston
25%
West Calder
25%
Aberlady
20%
Aberlour
20%
Abernethy
20%
Banavie and Corpach
20%
Banchory
20%
Beauly
20%
Bishopton
20%
Bonnybridge
20%
Bothwell
20%
Bridge of Weir
20%
Caldercruix
20%
Carron
20%
Clarkston
20%
Coupar Angus
20%
Culloden
20%
Douglas
20%
East Calder
20%
East Linton
20%
Ellon
20%
Fochabers
20%
Giffnock
20%
Grantown on Spey
20%
Hurlford and Crookedholm
20%
Inverkip
20%
Kilmacolm
20%
Kincardine
20%
Kinghorn
20%
Kirkconnel and Kelloholm
20%
Kirriemuir
20%
Langholm
20%
Lennoxtown
20%
Lenzie
20%
Lesmahagow
20%
Linwood
20%
Loanhead
20%
Lochmaben
20%
Monkton
20%
Neilston
20%
Newport-on-Tay and Wormit
20%
Newtonmore
20%
Polmont
20%
Portsoy
20%
Stewarton
20%
Strathaven
20%
Thornton
20%
Alyth
15%
Balfron
15%
Birkhill and Muirhead
15%
Bowling and Old Kilpatrick
15%
Buckhaven
15%
Burghead
15%
Busby
15%
Cardenden and Auchterderran
15%
Carmunnock
15%
Catrine
15%
Chapelhall
15%
Crossford(Fife)
15%
Croy
15%
Doune
15%
Dreghorn
15%
Dufftown
15%
Dundonald
15%
Dunlop
15%
Elderslie
15%
Garelochhead
15%
Golspie
15%
Gullane
15%
Insch
15%
Kilbirnie
15%
Kilmaurs
15%
Ladybank
15%
Larbert
15%
Lauder
15%
Laurencekirk
15%
Leslie
15%
Limekilns and Charlestown
15%
Lochgelly
15%
Lochwinnoch
15%
Macduff
15%
Mid Calder
15%
Milnathort
15%
Newburgh (Aberdeenshire)
15%
Newburgh (Fife)
15%
Newmilns
15%
Patna
15%
Ratho
15%
Renton
15%
Strathpeffer
15%
Viewpark
15%
West Linton
15%
Aberchirder
10%
Addiewell
10%
Airth
10%
Alford
10%
Almondbank
10%
Ardrishaig
10%
Ashgill
10%
Avoch
10%
Ballingry, Lochore and Crosshill
10%
Balmullo
10%
Bankfoot
10%
Bellsbank
10%
Bilston
10%
Blackridge
10%
Broadford
10%
Caol
10%
Cardross
10%
Carronshore
10%
Chirnside
10%
Chryston
10%
Cockenzie
10%
Cove Bay
10%
Coylton
10%
Cullen
10%
Dalrymple
10%
Dennyloanhead
10%
Drongan
10%
Dunipace
10%
East Wemyss
10%
Evanton
10%
Fairlie
10%
Fenwick
10%
Freuchie
10%
Gorebridge
10%
Greenhill
10%
Guardbridge
10%
Harthill
10%
Howwood
10%
Inverbervie
10%
Invergowrie
10%
Kinloss
10%
Kirkliston
10%
Kirknewton
10%
Law
10%
Macmerry
10%
Markinch
10%
Maryburgh
10%
Muirhead
10%
Muirkirk
10%
Muir of Ord
10%
Newmains
10%
Newtown St. Boswells
10%
Oakley
10%
Peterculter
10%
Plains
10%
Plean
10%
Portlethen
10%
Rosehearty
10%
Roslin
10%
Seafield
10%
Skelmorlie
10%
Slamannan
10%
Springfield
10%
Stanley
10%
St Cyrus
10%
Stonehouse
10%
Strathblane
10%
Tarbolton
10%
Torrance
10%
Tullibody
10%
Turriff
10%
Allanton
5%
Ardersier
5%
Balintore
5%
Balmedie
5%
Bargeddie
5%
Blairhall
5%
Boddam
5%
Bonhill
5%
Brightons
5%
Brookfield
5%
Burnfoot
5%
Calderbank
5%
Carfin
5%
Carnwath
5%
Clakmannan
5%
Cleland
5%
Coalburn
5%
Coalsnaughton
5%
Coaltown of Balgonie
5%
Conon Bridge
5%
Countesswells
5%
Cowie
5%
Crossgates
5%
Cruden Bay
5%
Danderhall
5%
Drumoak
5%
Duntocher and Hardgate
5%
Earlston
5%
Eastriggs
5%
East Whitburn
5%
Errol
5%
Fauldhouse
5%
Forth
5%
Friockheim
5%
Head of Muir
5%
Houston
5%
Inchture
5%
Innellan
5%
Kennoway
5%
Kilcreggan
5%
Killearn
5%
Kinglassie
5%
Lamlash
5%
Letham
5%
Lhanbryde
5%
Liff
5%
Longforgan
5%
Longniddry
5%
Luncarty
5%
Mayfield
5%
Menstrie
5%
Milton of Campsie
5%
Monifieth
5%
Morningside
5%
Newarthill
5%
Newmachar
5%
Newmarket, Laxdale and Marybank
5%
New Stevenson
5%
North Kessock
5%
Overtown
5%
Pencaitland
5%
Pitmedden
5%
Port Bannatyne
5%
Portknockie
5%
Rosneath
5%
Saline
5%
Sandbank
5%
Sauchie
5%
Springside
5%
Stamperland
5%
St Madoes and Glencarse
5%
Stoneyburn
5%
Symington (South Ayrshire)
5%
Thornliebank
5%
Tweedbank
5%
Wallyford
5%
Wattston and Greengairs
5%
Westhill (Aberdeenshire)
5%
Westhill (Highland)
5%
Whitehills
5%
Winchburgh
5%
Banknock
0%
Cairneyhall
0%
Dumnadrochit
0%
Faifley
0%
Fallin
0%
Ferryden and Inchbraoch
0%
Fortrose
0%
Gartcosh
0%
Glenboig
0%
Glenmavis
0%
Hallglen
0%
Hillside
0%
Holytown
0%
Hopeman
0%
Inchinnan
0%
Inverallochy and Cairnbulg
0%
Kemnay
0%
Kilbarchan
0%
Kingswells
0%
Kintore
0%
Kirkmuirhill and Blackwood
0%
Langlee
0%
Laurieston
0%
Locharbriggs
0%
Longside
0%
Maddiston
0%
Maidenhill
0%
Methlick
0%
Methven
0%
Milltimber
0%
Milton of Leys
0%
Mintlaw
0%
Moodiesburn
0%
Mossblown
0%
Mosstodloch
0%
Netherlee
0%
New Pitsligo
0%
Newtonhill
0%
Oldmeldrum
0%
Ormiston
0%
Polbeth
0%
Redding
0%
Reddingmuirhead
0%
Rosewell
0%
Rothienorman
0%
Salsburgh
0%
Scalloway
0%
Shieldhill
0%
Smithon
0%
Tarves
0%
Torphins
0%
Townhill
0%
Twechar
0%
Waterfoot
0%
Westquarter
0%
Whitecraig
0%
Windygates
0%
No matching quizzes found
Score Distribution
Percent of People with Each Score
Percentile by Number Answered
Your Score History
You have not taken this quiz since the last reset